|
|
|
|
| LEADER |
00000cam a2200000 7i4500 |
| 001 |
0000001550 |
| 005 |
20010801.0 |
| 090 |
0 |
0 |
|a 333.910993
|b CAT 1982
|
| 245 |
0 |
0 |
|a CATCHMENT management for optimum use of land and water resources :
|b documents from an ESCAP Seminar; part 1 - introductory and country statements
|c edited by D. J. Moore
|
| 260 |
0 |
0 |
|a Wellington, New Zealand :
|b Water and Soil Division, Ministry of Works and Development ,
|c 1982
|
| 300 |
|
|
|a v. :
|b ill., maps ;
|c 30 cm.
|
| 440 |
0 |
0 |
|a Water & soil miscellaneous publication; n. 45 & 46
|
| 500 |
0 |
0 |
|a Pt. 1 : Introductory and country statements Pt. 2 : New Zealand contributions
|
| 650 |
0 |
0 |
|a Catchments
|z New Zealand
|x Congresses
|
| 650 |
0 |
0 |
|a Land use
|z New Zealand
|x Congresses
|
| 650 |
0 |
0 |
|a Water use
|z New Zealand
|x Congresses
|
| 700 |
0 |
1 |
|a Moore
|h D. J. [
|q (Dallas James)]
|
| 998 |
|
|
|a JPSM
|
| 999 |
|
|
|a 0000002812
|b Monograph
|c Open Shelf
|e Default branch
|
| 999 |
|
|
|a 0000003921
|b Monograph
|c Open Shelf
|e Default branch
|